000 00695nam a2200205Ia 4500
003 GCL
008 140319s9999 xx 000 0 ara d
040 _aGCL /
_cGCL
082 0 4 _a530.4
_bهـ ج
100 1 _aمحمد اسعد عبدالرؤوف
245 1 0 _aالجزء والكل : محاورات فى مضمار الفيزياء الذرية /
_cمحمد اسعد عبدالرؤوف
700 1 _aهيزنبرج , فيرنر
700 1 _aعلى حلمى مرسى (مقدم)
300 _a296
490 _aالالف كتاب الثانى
_v0
650 0 4 _aالفيزياء
650 0 4 _aالفيزياء الذرية
650 0 4 _aالنشاط الاشعاعى
942 _2ddc
_cBK
999 _c44283
_d44283